Normal view
MARC view
- الكتابة-التعبير-اللغة العربية-أساليب التدريس-وسائل التدريس
Entry Topical Term
001 - CONTROL NUMBER
- control field: 10879
003 - CONTROL NUMBER IDENTIFIER
- control field: JO-AjAnu
005 - DATE AND TIME OF LATEST TRANSACTION
- control field: 20230606072039.0
008 - FIXED-LENGTH DATA ELEMENTS
- fixed length control field: 230606|| aca||aabn | a|a d
040 ## - CATALOGING SOURCE
- Original cataloging agency: JO-AjAnu
- Transcribing agency: JO-AjAnu
150 ## - HEADING--TOPICAL TERM
- Topical term or geographic name entry element: الكتابة-التعبير-اللغة العربية-أساليب التدريس-وسائل التدريس
670 ## - SOURCE DATA FOUND
- Source citation: Work cat.: (JO-AjAnu)5602: تأليف عبد علي الهاشمي، عبد الرحمن, author 10878, أساليب تدريس التعبير اللغوي في المرحلة الثانوية ومشكلاته